MARC

LEADER 00000nam0a2200000 4500
001 248828
005 20231101232426.0
010 |a 5250003443 
035 |a (RuTPU)RU\TPU\book\270720 
090 |a 248828 
100 |a 20140127d1988 m y0rusy50 ca 
101 0 |a rus 
102 |a RU 
105 |a a z 000zy 
200 1 |a Порядок и порядочность  |f А. Г. Радов 
210 |a Москва  |c Политиздат  |d 1988 
215 |a 270 с.  |c ил. 
606 1 |a Моральные конфликты  |2 stltpush  |3 (RuTPU)RU\TPU\subj\44429  |9 63753 
610 1 |a этика 
610 1 |a этика социальная 
610 1 |a порядок 
610 1 |a порядочность 
610 1 |a мораль 
610 1 |a гражданская позиция 
610 1 |a эгоизм 
610 1 |a нравственная культура 
610 1 |a нравственное поведение 
686 |a Ю712  |v LBC/SL-A  |2 rubbk 
700 1 |a Радов  |b А. Г.  |g Александр Георгиевич 
801 1 |a RU  |b 63413507  |c 20140127 
801 2 |a RU  |b 63413507  |c 20140129  |g RCR 
942 |c BK